000 00942nam a2200289 4500
001 0000023511
003 CO-CtgCURN
005 20250331191048.0
007 ta
008 160627s2009 000 0 eng d
020 _a9789584448620
040 _aCO-CtgCURN
_bspa
_ccoctgcurn
082 0 _a951
_bS316
100 1 _aSalazar Montoya, Jaime.
245 1 0 _aChina :
_buna aproximacion al pais de siempre /
_cJaime Salazar Montoya.
260 _aBogotá :
_bJaime Salazar Montoya,
_c2009.
300 _a239 p.
336 _2rdacontent
337 _2rdamedia
_asin mediacion
_bn
338 _2rdacarrier
_avolumen
_bnc
504 _aReferencias bibliograficas (p. 231-238)
505 8 _aOrigen y tradicion.--La cara renovada de un pais.--El arte de vivir.--La transicion
651 0 _aChina
_vEconomia.
908 _a160627
942 _cBK
_h951
_iS316
_2ddc
999 _c26131
_d26131